| 000 | 00769nam a2200217 a 4500 | ||
|---|---|---|---|
| 003 | MX-MxUPN | ||
| 005 | 20241001063925.0 | ||
| 008 | 991125s1921 mx a r 000 0 spa d | ||
| 035 | _aUPN01000003001 | ||
| 040 |
_aMX-MxUPN _bspa _cMX-MxUPN |
||
| 041 | 1 |
_aspa _hfre |
|
| 050 | 4 |
_aLB1573 _bG828 1921 |
|
| 100 | 1 |
_aGuyau, Jean-Marie, _d1854-1888 _930493 |
|
| 245 | 1 | 3 |
_aEl año preparatorio de lectura corriente : _bmoral, conocimientos usuales |
| 250 | _aVigésima octava edición. | ||
| 260 |
_aMéxico : _bLibrería Armand Colin, _c1921. |
||
| 300 |
_a208 páginas : _bilustraciones |
||
| 650 | 4 |
_aLectura _xEstudio y enseñanza (Elemental) _92805 |
|
| 710 | 2 |
_aInstituto Nacional de Investigación Educativa (México) _epropietario anterior _928086 |
|
| 942 |
_2lcc _cLIBRO |
||
| 999 |
_c3001 _d3001 |
||